00812nam a2200229 a 4500001001000000005001700010020001500027041000800042044000700050050002100057100003400078245011400112260005100226300003200277504003200309650004900341700004200390700002200432942001100454999001500465952010200480BRCA_336520190320204239.0 a9686611088 aspa amx 4aTX817b.C43 20031 aChapa Benavides, Martha9886510aChocolatebregalo del edéncMartha Chapa ; texto Martín González de la Vara ; idea original Elsa Salas. aMéxicobGobierno del Estado de Tabascoc2003 a155 p.bil. a colorc29 cm. aBibliografía : p. 151-15414aChocolate (Cocina)xHistoriazMéxico925231 aGonzález de la Vara, Martín988661 aSalas, Elsa98867 2lcccB c3101d3101 00104070aBRCAbBRCAd2009-03-31l0oTX817 .C43 2003p01265r2019-03-22 00:00:00w2019-03-22yB